MARC

LEADER 00000nam0a2200000 4500
001 282706
005 20231101235526.0
020 |a RU  |b 84-37895 
035 |a (RuTPU)RU\TPU\book\306662 
090 |a 282706 
100 |a 20150202d1984 km y0rusy5003 ca 
101 0 |a rus 
102 |a RU 
105 |a a z 001zy 
200 1 |a Проектирование аналитических приборов для контроля состава и свойств веществ  |f Б. И. Герасимов 
210 |a Москва  |c Машиностроение  |d 1984 
215 |a 104 с.  |c ил.  |d 20 см 
225 1 |a Библиотека приборостроителя 
320 |a Библиогр.: с. 98-101 
606 1 |a Аналитические приборы и оборудование  |2 stltpush  |3 (RuTPU)RU\TPU\subj\73606  |9 86516 
610 1 |a качество 
610 1 |a оптимальное параметрическое проектирование 
610 1 |a методы нелинейного программирования 
610 1 |a бесконтактные высокочастотные кондуктометры 
610 1 |a кондуктометрические газоанализаторы 
610 1 |a оптические абсорбциометры 
610 1 |a магнитооптические устройства 
610 1 |a газовые хроматографы 
610 1 |a кулонометрические влагомеры 
610 1 |a вискозиметры 
610 1 |a диэлькометры 
675 |a 543.07  |v 4 
700 1 |a Герасимов  |b Б. И.  |g Борис Иванович  |4 070 
801 0 |a RU  |b RuMRKP  |c 19950704  |g psbo 
801 1 |a RU  |b 63413507  |c 20150202 
801 2 |a RU  |b 63413507  |c 20170811  |g RCR 
942 |c BK